Papua New Guinea : Selected Issues and Statistical Appendix.

This Selected Issues paper and Statistical Appendix surveys the main reasons for Papua New Guinea's disappointing economic performance, highlighting the key impediments to growth in each of the main sectors of the economy. The paper outlines the structural reforms that could help reduce these i...

Descripció completa

Dades bibliogràfiques
Autor corporatiu: International Monetary Fund
Format: Revista
Idioma:English
Publicat: Washington, D.C. : International Monetary Fund, 2003.
Col·lecció:IMF Staff Country Reports; Country Report ; No. 2003/176
Accés en línia:Full text available on IMF
LEADER 01625cas a2200241 a 4500
001 AALejournalIMF002521
008 230101c9999 xx r poo 0 0eng d
020 |c 5.00 USD 
020 |z 9781451831658 
022 |a 1934-7685 
040 |a BD-DhAAL  |c BD-DhAAL 
110 2 |a International Monetary Fund. 
245 1 0 |a Papua New Guinea :   |b Selected Issues and Statistical Appendix. 
264 1 |a Washington, D.C. :  |b International Monetary Fund,  |c 2003. 
300 |a 1 online resource (76 pages) 
490 1 |a IMF Staff Country Reports 
500 |a <strong>Off-Campus Access:</strong> No User ID or Password Required 
500 |a <strong>On-Campus Access:</strong> No User ID or Password Required 
506 |a Electronic access restricted to authorized BRAC University faculty, staff and students 
520 3 |a This Selected Issues paper and Statistical Appendix surveys the main reasons for Papua New Guinea's disappointing economic performance, highlighting the key impediments to growth in each of the main sectors of the economy. The paper outlines the structural reforms that could help reduce these impediments, so that Papua New Guinea makes progress toward poverty alleviation and the restoration of sustainable development. The paper also describes the evolution of Papua New Guinea's external debt structure, and assesses the sensitivity of debt dynamics to a number of shocks. 
538 |a Mode of access: Internet 
830 0 |a IMF Staff Country Reports; Country Report ;  |v No. 2003/176 
856 4 0 |z Full text available on IMF  |u http://elibrary.imf.org/view/journals/002/2003/176/002.2003.issue-176-en.xml  |z IMF e-Library